|
|
|
|
| LEADER |
00000cam a2200000 7i4500 |
| 001 |
0000278758 |
| 005 |
20210629044355.0 |
| 006 |
# ###e ### |
| 007 |
t |
| 008 |
210629 xxk# e eng |
| 020 |
|
|
|a 9781781611289
|
| 040 |
|
|
|a MBPJ
|b eng
|c MBPJ
|e rda
|
| 090 |
0 |
0 |
|a 641.563
|b MYH
|
| 100 |
1 |
|
|a Myhill, Sarah
|c Dr ,
|e author
|
| 245 |
1 |
4 |
|a The PK COOKBOOK :
|b Go Paleo-ketogenic and get the best of both worlds
|c Dr Sarah Myhill and Craig Robinson
|
| 264 |
|
1 |
|a London :
|b Hammersmith Books
|c 2017
|
| 264 |
|
4 |
|c ©2017
|
| 300 |
|
|
|a 154 pages ;
|c 22 cm.
|
| 336 |
|
|
|a text
|2 rdacontent
|
| 337 |
|
|
|a unmediated
|2 rdamedia
|
| 338 |
|
|
|a volume
|2 rdacarrier
|
| 650 |
|
0 |
|a Cooking (Natural foods)
|
| 650 |
|
0 |
|a Pre historic peoples
|x Nutrition
|
| 700 |
1 |
|
|a Robinson, Craig ,
|e author
|
| 999 |
|
|
|a 00384463
|b BUKU
|c PINJAMAN
|e PERPUSTAKAAN KOMUNITI PETALING JAYA
|